Statistiken für Allgemeinwissen - Schwer

Klicken Sie hier um das Quiz zu spielen!

Allgemein

  • Dieses Quiz wurde 2.835 mal gespielt
  • Das Durchschnittsergebnis liegt bei 8 aus 14

Antwortstatistiken

FrageAntwort% Korrekt
Wer war der erste deutsche Bundeskanzler?Konrad Adenauer
94%
Was ist ein SonettGedichtsform
84%
Für was stehen die 5 Ringe der Olympischen Spiele?5 Kontinente
78%
In welcher Einheit wird der elektrische Widerstand gemessen?Ohm
77%
Teneriffa gehört zu den…?Kanarischen Inseln
74%
Wie viele Zähne hat ein erwachsener Mensch normalerweise?32
72%
Wie heißt die Hauptstadt von Äthiopien?Addis Abeba
60%
Welches Land ist kein ständiges Mitglied im Sicherheitsrat der Vereinten Nationen?Deutschland
41%
Wer wählt den Bundespräsidenten?Bundesversammlung
40%
Wie lange dauerte der hundertjährige Krieg?116 Jahre
38%
Wer verbreitete das heliozentrische Weltbild?Nikolaus Kopernikus
38%
Welches Gas findet man NICHT in der Luft?Chlorgas
35%
Wer gilt als Verfasser der amerikanischen Unabhängigkeitserklärung?Thomas Jefferson
33%
Wie heißt die Schicht der Atmosphäre, die der Erde am nächsten ist?Troposphäre
26%

Verteilung der Resultate

Perzentil nach korrekt beantworteten Fragen

Anzahl Personen mit jedem Resultat

Ihre Resultats-Entwicklung

Sie haben dieses Quiz noch nicht gespielt